000
00286nam a22001337a 4500
008
170906b xxu||||| |||| 00| 0 eng d
020
_a
0262530597
041
_a
eng
080
_a
72
100
_a
41
101
_a
ARK
245
_a
THE FEDERAL PRESENCE
_c
CRAIG, L.A
942
_2
udc
_c
BK
999
_c
26414
_d
26414